[Event "Challenge"]
[Site "http://www.queenalice.com/game.php?id=108003"]
[Date "2006.9.20"]
[Round "-"]
[White "ENDHER"]
[Black "Surfgirlbrasil"]
[Result "1-0"]
[WhiteElo "2167"]
[BlackElo "1270"]

1. d4 Nf6 2. c4 d5 3. Nc3 dxc4 4. e3 Be6 5. Qa4+ Nc6 6. Bxc4 Qd7 7. Nf3 a6 8. d5
Bxd5 9. Nxd5 Nxd5 10. O-O Nb6 11. Qb3 e6 12. Rd1 Qe7 13. Bd2 Qc5 14. Rac1 Nxc4
15. Qxb7 Rb8 16. Qxa6 Qb5 17. Qxb5 Rxb5 18. Rxc4 Ne5 19. Nxe5 Rxe5 20. Rxc7 Be7
21. Rc8+ Bd8 22. Bc3 Rd5 23. Rxd5 exd5 24. Bxg7 Rg8 25. Bf6 Kd7 26. Rxd8+ Rxd8
27. Bxd8 Kxd8 28. Kf1 Kd7 29. Ke2 Kd6 30. b4 f5 31. a4 Kc6 32. Kd3 h6 33. Kd4 h5
34. h4 Kd6 35. b5 Ke6 36. b6 Kd6 37. b7 Kc7 38. Kxd5 Kxb7 39. Ke5 Kb6 40. Kxf5
Ka5 41. e4 Kxa4 42. e5 Kb5 43. f4 Kc6 44. Ke6 Kc7 45. f5 Kd8 46. Kd6 Ke8 47. e6
Kf8 48. f6 Ke8 49. f7+ Kf8 50. Kd7 1-0

[Event "Challenge"]
[Site "http://www.queenalice.com/game.php?id=111244"]
[Date "2006.9.29"]
[Round "-"]
[White "Surfgirlbrasil"]
[Black "ENDHER"]
[Result "1/2-1/2"]
[WhiteElo "1345"]
[BlackElo "2204"]

1. g4 e5 2. d4 e4 3. g5 b6 4. f4 exf3 5. Nxf3 Bb7 6. Bg2 Ne7 7. Qd3 Ng6 8. O-O
Be7 9. Nc3 O-O 10. d5 Nf4 11. Bxf4 Ba6 12. Qe4 Bc5+ 13. Nd4 Re8 14. Qf3 Bxd4+
15. e3 Bxf1 16. Rxf1 Bxc3 17. bxc3 d6 18. c4 a5 19. a4 Re7 20. Qg3 Na6 21. c3
Nc5 22. Rd1 Nxa4 23. e4 Nxc3 24. Re1 a4 25. Qxc3 a3 26. Ra1 Qf8 27. Rxa3 Rxa3
28. Qxa3 f5 29. g6 hxg6 30. Qe3 Qe8 31. Qg3 Rxe4 32. Bxe4 Qxe4 33. h4 Qxc4 34.
h5 Qd4+ 35. Kh2 g5 36. Qxg5 Qf2+ 37. Kh3 Qf3+ 38. Kh4 Qxd5 39. h6 Qh1+ 40. Kg3
Qg1+ 41. Kh4 Qxg5+ 42. Kxg5 gxh6+ 43. Kxh6 b5 44. Kg6 b4 45. Kxf5 b3 46. Bc1 c5
47. Ke4 Kf7 48. Kd5 Ke7 49. Bb2 Kd7 50. Ba3 Kc7 51. Bc1 Kb6 52. Kxd6 Kb5 53. Kd5
Kb4 54. Bb2 c4 55. Kd4 Kb5 56. Kc3 Ka4 57. Kxc4 Ka5 1/2-1/2

[Event "Challenge"]
[Site "http://www.queenalice.com/game.php?id=113053"]
[Date "2006.10.4"]
[Round "-"]
[White "Surfgirlbrasil"]
[Black "Tlaloc2k"]
[Result "1-0"]
[WhiteElo "1304"]
[BlackElo "1436"]

1. e4 e5 2. Bc4 Nc6 3. Qf3 Nf6 4. Nc3 Nd4 5. Qd3 Bc5 6. Nf3 d6 7. Nxd4 Bxd4 8.
O-O c6 9. Qg3 O-O 10. h3 Nh5 11. Qf3 Nf4 12. d3 b5 13. Bb3 Ba6 14. Bxf4 exf4 15.
Qxf4 Be5 16. Qf3 Bc8 17. Rad1 d5 18. exd5 Bc7 19. dxc6 Qd6 20. g3 Bxh3 21. Nxb5
Qe5 22. c4 Bxf1 23. Rxf1 a6 24. d4 Qe7 25. Nc3 Qc5 26. Qd5 Qxd5 27. Nxd5 Ba5 28.
c7 Rae8 29. Ba4 Re1 30. b4 Rxf1+ 31. Kxf1 Bxb4 32. Nb6 Ba5 33. c8=Q Bxb6 34.
Qxa6 Bxd4 35. Ke2 Re8+ 36. Bxe8 h6 37. Qb7 f6 38. Qf7+ Kh7 39. Qd5 1-0

[Event "Challenge"]
[Site "http://www.queenalice.com/game.php?id=113454"]
[Date "2006.10.5"]
[Round "-"]
[White "Tlaloc2k"]
[Black "Surfgirlbrasil"]
[Result "0-1"]
[WhiteElo "1377"]
[BlackElo "1359"]

1. e4 e5 2. Nf3 Nc6 3. Nc3 a6 4. Bc4 b5 5. Be2 Bc5 6. d3 Nf6 7. Bg5 h6 8. Bh4 g5
9. Bg3 Nd4 10. Nxe5 Qe7 11. Nd5 Nxd5 12. exd5 d6 13. Nf3 Nxe2 14. Qxe2 Qxe2+ 15.
Kxe2 O-O 16. d4 Re8+ 17. Kd3 Bf5+ 18. Kc3 Bb6 19. a4 Ba5+ 20. b4 Bb6 21. a5 Ba7
22. h4 g4 23. Nh2 Re4 24. Rad1 Rae8 25. f3 Re3+ 26. Kb2 Re2 27. fxg4 Rxc2+ 28.
Kb3 Re3+ 29. Rd3 Bxd3 30. Bf4 Ree2 31. Rd1 Bc4+ 32. Ka3 Rc3# 0-1

[Event "Challenge"]
[Site "http://www.queenalice.com/game.php?id=113516"]
[Date "2006.10.5"]
[Round "-"]
[White "hugo10"]
[Black "Surfgirlbrasil"]
[Result "0-1"]
[WhiteElo "1419"]
[BlackElo "1325"]

1. e4 Nc6 2. Bc4 Ne5 3. Bb3 e6 4. d4 Ng6 5. d5 exd5 6. Qf3 Nf6 7. Bg5 Ne5 8. Qf4
Bd6 9. Bxd5 Nd3+ 10. cxd3 Bxf4 11. Bxf4 Nxd5 12. exd5 d6 13. Nc3 O-O 14. Nb5
Re8+ 15. Ne2 Bf5 16. d4 Bd3 17. a4 Rxe2+ 18. Kd1 Qf6 19. Re1 Rxe1+ 20. Kxe1 Qxf4
21. g3 Re8+ 22. Kd1 Qxf2 23. Nxc7 Re1# 0-1

[Event "Surfing"]
[Site "http://www.queenalice.com/game.php?id=114920"]
[Date "2006.10.9"]
[Round "-"]
[White "regivaldo"]
[Black "Surfgirlbrasil"]
[Result "1-0"]
[WhiteElo "1642"]
[BlackElo "1392"]

1. e4 e5 2. Nf3 Nc6 3. d4 Nxd4 4. Nxd4 exd4 5. Qxd4 c5 6. Qe5+ Qe7 7. Qxe7+ Nxe7
8. Bd3 d5 9. O-O c4 10. Be2 Be6 11. f3 d4 12. Na3 Nc6 13. Bxc4 Bxa3 14. Bxe6
Bxb2 15. Bxb2 O-O 16. Bh3 Rad8 17. Rad1 b5 18. c3 d3 19. Rf2 Ne5 20. Ba3 Rfe8
21. Bc1 a5 22. f4 Nc4 23. e5 Rd5 24. g3 Red8 25. Bg2 R5d7 26. Bc6 Rc7 27. Bxb5
Rc5 28. Bxc4 Rxc4 29. Bb2 a4 30. a3 h5 31. Rfd2 Rb8 32. Ba1 Rb6 33. Rxd3 Kh7 34.
Rd4 1-0

[Event "Challenge"]
[Site "http://www.queenalice.com/game.php?id=114931"]
[Date "2006.10.9"]
[Round "-"]
[White "Surfgirlbrasil"]
[Black "Tlaloc2k"]
[Result "0-1"]
[WhiteElo "1392"]
[BlackElo "1346"]

1. e4 e5 2. Bc4 Nf6 3. Nc3 Bc5 4. h3 a6 5. Nf3 b6 6. Nxe5 O-O 7. Qh5 Nxh5 8. O-O
Qf6 9. Ng4 Qd6 10. e5 Qg6 11. Bd3 Qe6 12. Be4 Nc6 13. Bd5 Qg6 14. Ne4 Nf4 15. d4
Ne2+ 16. Kh1 Nexd4 17. c3 Nf5 18. Bg5 Bb7 19. Ngf6+ Kh8 20. Nxd7 Rfe8 21. f4 Ne3
22. Bxf7 Qxe4 23. Rf2 Nf5 24. Bxe8 Nce7 25. Bf7 Bxf2 26. Rg1 Bxg1 27. Bd5 Qxd5
0-1

[Event "Challenge"]
[Site "http://www.queenalice.com/game.php?id=115311"]
[Date "2006.10.10"]
[Round "-"]
[White "Surfgirlbrasil"]
[Black "hugo10"]
[Result "1-0"]
[WhiteElo "1376"]
[BlackElo "1371"]

1. e4 e5 2. Bc4 Nf6 3. d4 Nxe4 4. Qh5 g6 5. Qxe5+ Qe7 6. Qxh8 Ng5+ 7. Ne2 Nc6 8.
O-O a6 9. h4 Ne4 10. Bh6 d6 11. Re1 Bf5 12. Ng3 Nxd4 13. Bg5 Qe5 14. Qxh7 b5 15.
Qxf7# 1-0

[Event "Challenge"]
[Site "http://www.queenalice.com/game.php?id=115548"]
[Date "2006.10.11"]
[Round "-"]
[White "Surfgirlbrasil"]
[Black "Tlaloc2k"]
[Result "1-0"]
[WhiteElo "1370"]
[BlackElo "1435"]

1. e4 e5 2. Nf3 Nc6 3. Bc4 d6 4. d3 Bg4 5. Nbd2 Qf6 6. O-O Nd4 7. h3 Nxf3+ 8.
Nxf3 Bxf3 9. Qxf3 Qxf3 10. gxf3 Be7 11. f4 Bf6 12. fxe5 Bxe5 13. Be3 a6 14. d4
Bf6 15. e5 Be7 16. e6 f6 17. Bd5 c6 18. Bf3 O-O-O 19. d5 c5 20. c4 f5 21. a4 g5
22. Kh2 f4 23. Bd2 Bf6 24. Rab1 Be5 25. Bg4 Kb8 26. f3 h5 27. Bf5 g4 28. fxg4 h4
29. Rf3 Nf6 30. b4 b6 31. bxc5 Bd4 32. c6 Kc7 33. Rxf4 Be5 34. g5 Bxf4+ 35. Bxf4
Nh5 36. Be3 Rb8 37. Rf1 Ng3 38. Rf2 Rbf8 39. Bg6 Nf1+ 40. Kg2 Nxe3+ 41. Kg1 Rxf2
42. Kxf2 Nxc4 43. e7 Ne5 44. e8=Q Rxe8 45. Bxe8 Nd3+ 46. Ke3 Nb2 47. g6 Nc4+ 48.
Kf4 1-0

[Event "Challenge"]
[Site "http://www.queenalice.com/game.php?id=119531"]
[Date "2006.10.21"]
[Round "-"]
[White "ENDHER"]
[Black "Surfgirlbrasil"]
[Result "1-0"]
[WhiteElo "2177"]
[BlackElo "1372"]

1. e4 e5 2. Nf3 d6 3. d4 Nd7 4. Nc3 c5 5. dxe5 dxe5 6. Bb5 a6 7. Bc4 b5 8. Bxf7+
Kxf7 9. Qd5+ Ke8 10. Ng5 Nh6 11. Qxa8 Nb6 12. Qc6+ Bd7 13. Qb7 Nc4 14. Qxa6 Na5
15. O-O Be7 16. Ne6 Bxe6 17. Qxe6 Nc4 18. Bxh6 gxh6 19. Qc6+ Kf7 20. Qxb5 Qd4
21. Qc6 Bd6 22. Nd5 1-0

[Event "Challenge"]
[Site "http://www.queenalice.com/game.php?id=120244"]
[Date "2006.10.23"]
[Round "-"]
[White "Surfgirlbrasil"]
[Black "Tlaloc2k"]
[Result "1-0"]
[WhiteElo "1366"]
[BlackElo "1472"]

1. e4 e5 2. Nf3 Nc6 3. Bc4 h6 4. d4 d6 5. d5 Nce7 6. O-O Bg4 7. h3 Bh5 8. Nc3 g5
9. Ne2 Bxf3 10. gxf3 Nf6 11. Nc3 a6 12. Ne2 Qd7 13. Kg2 b5 14. Bb3 Bg7 15. c4 b4
16. Ba4 c6 17. dxc6 Nxc6 18. Qb3 a5 19. Rd1 O-O 20. c5 Ne8 21. Qd5 Nf6 22. Bxc6
Nxd5 23. Bxd7 Nf6 24. Rxd6 Rad8 25. c6 Ne8 26. Rd5 Nc7 27. Rd3 Bf6 28. Ng3 Kg7
29. Rd6 Be7 30. Nf5+ Kh7 31. Rxh6+ Kg8 32. Nxe7+ Kg7 33. Bxg5 Rh8 34. Nf5+ 1-0

[Event "Challenge"]
[Site "http://www.queenalice.com/game.php?id=154413"]
[Date "2007.1.15"]
[Round "-"]
[White "Tlaloc2k"]
[Black "Surfgirlbrasil"]
[Result "1-0"]
[WhiteElo "1544"]
[BlackElo "1357"]

1. d4 d5 2. f4 e6 3. e3 Nf6 4. g4 Ne4 5. g5 h6 6. g6 Qh4+ 7. Ke2 Nf2 8. Qe1 Bd7
9. Qxf2 Bb5+ 10. Ke1 Qxf2+ 11. Kxf2 Bc6 12. gxf7+ Kxf7 13. Nf3 Nd7 14. Nc3 Nf6
15. Bh3 Ne4+ 16. Nxe4 1-0